00687nam a2200169Ia 4500082001200000100001900012245009500031260003800126300001000164650009000174650006300264650005300327650003400380650006700414650001400481710002200495 aTV.0106 aVenkataiah, N. 0aImpact of the farmer's functional literacy programme on the participants in Andhra Pradesh c1976bSri Venkateswara University a578p. aFARMERS FUNCTIONAL LITERACY PROJECT//FARMERS TRAINING AND FUNCTIONAL LITERACY PROJECT aFARMERS - SOCIAL CONDITIONS//FARMERS SOCIO-ECONOMIC STATUS aFARMERS TRAINING AND FUNCTIONAL LITERACY PROJECT aFARMERS SOCIO-ECONOMIC STATUS aFARMERS - SOCIO-ECONOMIC STATUS//FARMERS SOCIO-ECONOMIC STATUS aFARMERS  aRao, R. Srinivasa